Ethnicities of China Quiz Stats

 Plays Quiz not verified by Sporcle

Score 0/12 Timer 02:00
0 Plays Today
Population Ethnic Group % Correct
1,230,500,000Han Chinese
90.7%
5,000,000Tibetans
73.1%
5,000,000Mongols
70.4%
2,000,000Koreans
63%
10,000,000Manchu
53.7%
7,000,000Uyghur
49.1%
9,000,000Hui
32.4%
16,000,000Zhuang
28.7%
8,000,000Miao
26.9%
7,000,000Yi
14.8%
5,750,000Tujia
9.3%
3,000,000Buyei
4.6%

You're not logged in!

Compare scores with friends on all Sporcle quizzes.
Join for Free
OR
Log In

You Might Also Like...

Show Comments

Extras

Top Quizzes Today


Score Distribution

Your Account Isn't Verified!

In order to create a playlist on Sporcle, you need to verify the email address you used during registration. Go to your Sporcle Settings to finish the process.

Report this User

Report this user for behavior that violates our Community Guidelines.

Details: